=LDR 00000nam 2200000 4500 =001 INLIS000000000015876 =005 20200526085300 =035 ##$$a 0010-061300000015876 =008 200526################g##########0#ind## =041 ##$$a Ind =082 ##$$a 2x3.55 =090 ##$$a 2x3.55, Zai p =100 #$$a Zainuddin =245 1#$$a Pahala dalam islam, /$c Drs. Zainuddin =260 ##$$a Jakarta :$b Rineka Cipta,$c 1992 =300 ##$$a VI-153 hlm., ; $c 14 x 20 cm =650 #4$$a Islam - Pahala dan Dosa =850 ##$$a NBPNMAT =020 ##$$a 979-518-017-7 =084 ##$$a 2x3.55 ZAI p =990 ##$$a DW00025739 =990 ##$$a 00087125 =990 ##$$a 00087295 =990 ##$$a 75.540/pro94 =990 ##$$a 95.063/pro96 =990 ##$$a 1199600287 =990 ##$$a 1199600288